000 00197 a2200097 4500
001 32599
100 _aZiegler, Ph
245 _aMountbatten
260 _aLondon
_bcollins
_c
090 _c21815
_d21815
942 _aNUST-CAE
_c
_c13131
999 _c267672
_d267672